00342nam a2200133Ia 4500008004100000082001700041100001400058245003900072250000800111260003200119300001400151500002400165650001900189230524s9999 xx 000 0 und d a621.402bBAS aA.R. Basu 0aThermal Engineering and Heat Power a3RD aNEW DELHIbDhanpatraic2004 aVIII;1375 aQuantity Number: 5 aThermodynamics